Loading...
| Arts - Music | 3 | 10.00 | 100% | 0% | 0% |
| Arts - Other Arts | 1 | 0.00 | 0% | 0% | 0% |
| Arts - Painting | 5 | 10.00 | 100% | 0% | 0% |
| History - American | 1 | 20.00 | 100% | 100% | 0% |
| History - European | 3 | 16.67 | 100% | 67% | 0% |
| History - Other History | 4 | 17.50 | 100% | 75% | 0% |
| History - World History | 3 | 16.67 | 100% | 33% | 33% |
| Literature - American Lit | 4 | 7.50 | 75% | 0% | 0% |
| Literature - British Lit | 3 | 3.33 | 33% | 0% | 0% |
| Literature - European Lit | 1 | 10.00 | 100% | 0% | 0% |
| Literature - World | 1 | 10.00 | 100% | 0% | 0% |
| Literature - World Lit | 3 | 10.00 | 67% | 0% | 33% |
| Mythology | 3 | 13.33 | 100% | 33% | 0% |
| Other - Geo/CE | 4 | 22.50 | 100% | 100% | 25% |
| Other Academic | 1 | 10.00 | 0% | 100% | 0% |
| Pop Culture | 6 | 13.33 | 67% | 33% | 33% |
| Religion | 4 | 15.00 | 100% | 25% | 25% |
| Science - Biology | 1 | 10.00 | 100% | 0% | 0% |
| Science - Chemistry | 2 | 10.00 | 50% | 50% | 0% |
| Science - Engineering | 2 | 25.00 | 100% | 100% | 50% |
| Science - Other Science | 4 | 12.50 | 75% | 50% | 0% |
| Science - Physics | 2 | 15.00 | 100% | 50% | 0% |
| Thought - Philosophy | 1 | 20.00 | 100% | 100% | 0% |
| Thought - Social Science | 4 | 22.50 | 100% | 50% | 75% |